Managerial Accounting System Generated by ESG Management on the Basis of the Newest Legislatio (Podnikový manažment) diplomová práca

Salvato in:
Dettagli Bibliografici
Autore principale: Varačková, Sandra
Ente Autore: Fakulta podnikového manažmentu EU. Katedra podnikovohospodárska
Altri autori: Dubcová, Gabriela, 1968-
Natura: Libro
Lingua:inglese
Pubblicazione: Bratislava 2025
Tags: Aggiungi Tag
Nessun Tag, puoi essere il primo ad aggiungerne!!

MARC

LEADER 00000nbm a2200000 4500
001 0309731
005 20251212092858.2
041 0 |a eng 
044 |a SK 
245 1 0 |a Managerial Accounting System Generated by ESG Management on the Basis of the Newest Legislatio (Podnikový manažment)  |b diplomová práca  |c Sandra Varačková ; školiteľ: Gabriela Dubcová 
264 1 |a Bratislava  |c 2025 
300 |a 93 s. 
100 1 |a Varačková, Sandra 
700 1 |a Dubcová, Gabriela, 1968- 
710 2 |a Fakulta podnikového manažmentu EU. Katedra podnikovohospodárska